000 00291nam a2200121 a 4500
008 101209s1972|||| d
245 1 0 _aChyby čiernobielych fotografií
100 1 _aKreyser, Ryszard
260 _bALFA
_aBratislava
_c1972
020 _c15
044 _axo
_cSK
041 _aslo
999 _c14989
_d14989